Aldeias do Concellho de Bragança - Statistics

Estatísticas Gerais
  • Esse quiz foi jogado 18 vezes
    11 desde o último reset
  • A pontuação média é 23 de 100
Estatísticas das Respostas
Aldeias % Correto
França
67%
Vila Franca
67%
Gimonde
56%
Izeda
56%
Rio de Onor
56%
Aveleda
44%
Baçal
44%
Castro de Avelãs
44%
Deilão
44%
Meixedo
44%
Outeiro
44%
Rebordaínhos
44%
Rebordãos
44%
Rio Frio
44%
Salsas
44%
São Julião de Palácios
44%
Espinhosela
33%
Faílde
33%
Gostei
33%
Grijó de parada
33%
Guadramil
33%
Milhão
33%
Mós
33%
Parada
33%
Parâmio
33%
Quintanilha
33%
Samil
33%
Santa Comba de Rossas
33%
Serapicos
33%
Zoio
33%
Alfaião
22%
Babe
22%
Calvelhe
22%
Coelhoso
22%
Donai
22%
Gondesende
22%
Macedo do Mato
22%
Montesinho
22%
Nogueira
22%
Paçó
22%
Palácios
22%
Paradinha Nova
22%
Pombares
22%
Quintas de Montesinho
22%
Quintela
22%
Rabal
22%
Sanceriz
22%
São Pedro dos serracenos
22%
Sortes
22%
Vale de Nogueira
22%
Varge
22%
Vila Boa
22%
Alimonde
11%
Bragada
11%
Carçãozinho
11%
Carragosa
11%
Carrazedo
11%
Castanheira
11%
Castrelos
11%
Chãos
11%
Conlelas
11%
Cova de Lua
11%
Fermentãos
11%
Fontes Barrosas
11%
Fontes Transbaceiro
11%
Formil
11%
Freixeda
11%
Freixedelo
11%
Frieira
11%
Grandais
11%
Labiados
11%
Lagomar
11%
Lanção
11%
Maçãs
11%
Martim
11%
Mofreita
11%
Moredo
11%
Oleiros
11%
Paradinha de Outeiro
11%
Paredes
11%
Pereiros
11%
Pinela
11%
Portela
11%
Portelo
11%
Réfega
11%
Refóios
11%
Sabariz
11%
Sacoias
11%
Sarzeda
11%
Sendas
11%
Soutelo
11%
Terroso
11%
Vale de Lamas
11%
Valverde
11%
Veigas
11%
Viduedo
11%
Vila Nova
11%
Vilarinho
11%
Zeive
11%
Caravela
0%
Nenhum quiz correspondente encontrado
Distribuição das Pontuações
Porcentagem de Pessoas com Cada Pontuação
Percentil de Números Respondidos
Sua Pontuação Histórica
Você não jogou esse quiz desde o último reset